Central Library OPAC University of Rajshahi
Normal view MARC view

Entry Topical Term

Number of records used in: 3

001 - CONTROL NUMBER

  • control field: 323

003 - CONTROL NUMBER IDENTIFIER

  • control field: BD-RjUL

005 - DATE AND TIME OF LATEST TRANSACTION

  • control field: 20211222120407.0

008 - FIXED-LENGTH DATA ELEMENTS

  • fixed length control field: 211222|| aca||aabn | a|a d

040 ## - CATALOGING SOURCE

  • Original cataloging agency: BD-RjUL
  • Transcribing agency: BD-RjUL

150 ## - HEADING--TOPICAL TERM

  • Topical term or geographic name entry element: Arabic literature
  • Chronological subdivision: 750-1258
  • General subdivision: History and criticism

670 ## - SOURCE DATA FOUND

  • Source citation: Work cat.: (BD-RjUL)79050: بصير، محمد مهدي. ;; Baṣīr, Muḥammad Mahdī. 322, في الأدب العباسي ;; Fī al-adab al-ʿAbbāsī /, 1949